00966nas a2200325 4500001001300000003000900013005001700022007000300039008003400042040005400076041000900130072001300139100001700152100001900169100002500188100002000213100002000233100001900253100002100272245010800293650001000401650001100411650001000422650001000432650001000442650000900452650001500461650002900476773013500505BR2013004348BR-BrBNA20231205122450.0ta230509b bl.|||p| |||| 00| 00por d aBR-BrBNAbporcBiblioteca Nacional de Agricultura a(Pt) aL02; L011 aUrbano, S.A.1 aFerreira, M.A.1 aDutra Júnior, W.M.1 aAndrade, R.P.X.1 aFélix, S.C.R.1 aCampos, J.T.S.1 aSiqueira, M.C.B.1 aSubstituição do feno de tifton pela casca de mamona na dieta de ovinos: componentes não-carcaça aOVINO aMAMONA aCASCA aDIETA aABATE aPESO aRENDIMENTO aPRODUTO DE ORIGEM ANIMAL0 tArquivo Brasileiro de Medicina Veterinária e Zootecnia (Brazil)xISSN 0102-0935g(Dec 2012), v. 64(6) p. 1649-1655wBR2013004348